Breakthrough : (Record no. 100045)

MARC details
000 -LEADER
fixed length control field 01406nam a22002657a 4500
005 - DATE AND TIME OF LATEST TRANSACTION
control field 20160523165057.0
010 ## - LCCN (DPL NO)
LC control number ENG-115136
020 ## - INTERNATIONAL STANDARD BOOK NUMBER
International Standard Book Number 9789385288685
Terms of availability 350.00
035 ## - SYSTEM CONTROL NUMBER
System control number EN-98668
037 ## - SOURCE OF ACQUISITION
Source of stock number/acquisition DBAD/PUB
082 ## - DEWEY DECIMAL CLASSIFICATION NUMBER
Classification number 509.2
100 ## - MAIN ENTRY--PERSONAL NAME
Personal name Andraka, Jack
245 ## - TITLE STATEMENT
Title Breakthrough :
Remainder of title how one teen innovator is changing the world /
Statement of responsibility, etc by Jack Andraka [and] Matthew Lysiak
260 ## - PUBLICATION, DISTRIBUTION, ETC. (IMPRINT)
Place of publication, distribution, etc New Delhi
Name of publisher, distributor, etc Speaking Tiger
Date of publication, distribution, etc 2015
270 ## - ADDRESS
Address 4381/4 Ansari Road, Daryaganj,
City New Delhi
Postal code 110002
300 ## - PHYSICAL DESCRIPTION
Extent 239p. :
Dimensions 24cm(pbk)
Other physical details ill.
505 ## - FORMATTED CONTENTS NOTE
Formatted contents note Introduction: The intervention -- Growing up Andraka -- The geek in the closet -- A recipe for disaster -- The knowledge cure -- Remember the patient -- Failing upward -- Cancer paper boy -- Oh my God, we killed Morley Safer -- Breakthrough -- The school of Jack : experiments, tips, and facts.
520 ## - SUMMARY, ETC.
Summary, etc "Teen scientist Jack Andraka chronicles his development of an inexpensive early detection test for pancreatic, ovarian, and lung cancer, and recounts his own personal story of overcoming depression and homophobic bullying. Includes hands-on science experiments"--From publisher description.
600 ## - SUBJECT ADDED ENTRY--PERSONAL NAME
Personal name Andraka, Jack,
Dates associated with a name 1997-
650 ## - SUBJECT ADDED ENTRY--TOPICAL TERM
Topical term or geographic name as entry element Scientists
Form subdivision Biography.
650 ## - SUBJECT ADDED ENTRY--TOPICAL TERM
Topical term or geographic name as entry element Cancer
General subdivision Early detection |x Research.
650 ## - SUBJECT ADDED ENTRY--TOPICAL TERM
Topical term or geographic name as entry element Medical innovations.
700 ## - ADDED ENTRY--PERSONAL NAME
Personal name Lysiak, Matthew
942 ## - ADDED ENTRY ELEMENTS (KOHA)
Source of classification or shelving scheme Dewey Decimal Classification
Item type English Books
Call number suffix AND
Classification part 509.2
Holdings
Withdrawn status Lost status Not for loan Collection code Home library Current library Date acquired Source of acquisition Cost, normal purchase price Full call number Barcode Copy number Cost, replacement price Koha item type
      Non-fiction Vinoba Puri Vinoba Puri 23/05/2016 DBAD/PUB 350.00 509.2 AND EN-98668 1 350.00 English Books

© Delhi Public Library
Hit Counter
free hit counter